000 00664nam a2200241 i 4500
001 C2-0012258
003 PPAK
005 20190630221914.0
008 970130s1996 my |||| ||||| | may d
020 _a9839188526
040 _aPPAK
_beng
_cPPAK
_erda
082 0 4 _a297.53
_223
090 0 0 _a297.53
_bASY
_dG
100 0 _aAsyraf Al Hasyir,
_eauthor
245 1 0 _aMasalah-masalah ibadat puasa, Hari Raya dan zakat
264 1 _aKuala Lumpur :
_bAl-Hidayah Publisher ,
_c1996
300 _a122 pages ;
_c19 cm
336 _2rdacontent
_atext
337 _2rdamedia
_aunmediated
338 _2rdacarrier
_avolume
650 1 0 _aFasting (Islam)
942 _ddc
_cB
999 _c3029
_d3029